LEADER 01412nam a2200361 u 4500 001 000000048156 003 CaOOAMICUS 005 20070226114952.0 008 000315s2000 it u000 u ita u 020 $a8802056110 035 $a10845282 040 $aPUL$bita 100 1 $aFranciosi, Gennaro.$0(OLS)http://pul/name/915 245 10$aMatrimonio e filiazione /$cGennaro Franciosi, Raffaele Picaro. 260 $aTorino :$bUTET,$cc2000. 300 $axiii, 681 p. ;$c27 cm 490 1 $aIl punto ;$v10 500 $aContiene indici. 504 $aBibliografia in nota. 504 $aBibliografia a fine capitolo. 650 4$aMatrimonio e famiglia.$0(OLS)http://pul/subject/20309 650 4$aFiliazione.$0(OLS)http://pul/subject/13479 650 4$aMatrimonio (diritto).$0(OLS)http://pul/subject/800 650 4$aFamiglia (diritto).$0(OLS)http://pul/subject/1842 700 1 $aPicaro, Raffaele.$0(OLS)http://pul/name/34961 830 3$aIl punto (UTET) ;$v10.$0(OLS)http://pul/title/63947 850 $aPUL 852 $aPUL$W1$xSL Diritto e Scienze Sociali 3$y79$m300 A 16.10$j64235$nBK-PRI$b $qDDC 21$B64235$CPULBib$Z2$F64235 $82 941 1 $a9 960 $aDiritto matrimoniale$9800 996 $6020$a8802056110$9(OLS)http://pul/number/60455 996 $6245$aMatrimonio e filiazione$9(OLS)http://pul/title/64841 996 $6260$aTorino :$bUTET$9(OLS)http://pul/publisher/48088 LEADER 01269nam a2200289 u 4500 001 000000051631 003 CaOOAMICUS 005 20070226115347.0 008 000920s1912 it u000 u ita u 035 $a10856103 040 $aPUL(R)$bita 100 1 $aBonomelli, Geremia,$cvescovo di Cremona,$d1831-1914.$0(OLS)http://pul/name/694 245 12$aL'obbedienza dei cattolici alle potestà terrene /$cdi Geremia Bonomelli. 250 $a2. ed. 260 $aRoma :$bDesclée & C.,$c1912. 300 $a54 p. ;$c19 cm 490 1 $aScienza e religione.$aStudi per i tempi presenti ;$v93 650 4$aObbedienza.$0(OLS)http://pul/subject/19955 650 4$aCattolici.$0(OLS)http://pul/subject/18865 830 0$aScienza e religione.$pStudi per i tempi presenti ;$v93.$0(OLS)http://pul/title/3545 850 $aPUL 852 $aPUL$W1$xDP1 Fondo Ciprotti$y59$m1539 F 29$j68385$nBK-PRI$b $qFondi$B68385$CPULBib$Z2$F68385 $81 852 $aPUL$W1$xDP1 Fondo Cecchetti$y53$m260 G 94$j194143$nBK-PRI$b $qFondi$B68386$CPULBib$Z2$F68386 $81 941 1 $a1 961 $aINV: F. Ciprotti 996 $6245$aL'obbedienza dei cattolici alle potestà terrene$9(OLS)http://pul/title/69358 996 $6260$aRoma :$bDesclée & C.$9(OLS)http://pul/publisher/48329